A to Z elementary statistics : (Record no. 61674)

MARC details
000 -LEADER
fixed length control field 00656nam a22001817a 4500
005 - DATE AND TIME OF LATEST TRANSACTION
control field 20120130131337.0
008 - FIXED-LENGTH DATA ELEMENTS--GENERAL INFORMATION
fixed length control field 120130t xxu||||| |||| 00| 0 eng d
020 ## - INTERNATIONAL STANDARD BOOK NUMBER
Terms of availability 40.00
035 ## - SYSTEM CONTROL NUMBER
System control number A-903517
040 ## - CATALOGING SOURCE
Original cataloging agency DPL
Language of cataloging ENG
100 ## - MAIN ENTRY--PERSONAL NAME
Personal name Sharma, K. K.
9 (RLIN) 40381
245 ## - TITLE STATEMENT
Title A to Z elementary statistics :
Remainder of title For class XI /
Statement of responsibility, etc by K. K. Sharma
250 ## - EDITION STATEMENT
Edition statement 2nd ed.
Remainder of edition statement 1998
260 ## - PUBLICATION, DISTRIBUTION, ETC. (IMPRINT)
Place of publication, distribution, etc Meerut
Name of publisher, distributor, etc Krishna Prakashan Media (p) Ltd.
Date of publication, distribution, etc 1998
300 ## - PHYSICAL DESCRIPTION
Extent various pages
Dimensions 24 cms.
942 ## - ADDED ENTRY ELEMENTS (KOHA)
Source of classification or shelving scheme Dewey Decimal Classification
Item type English Books
Classification part 001.422
Call number suffix SHA
Holdings
Withdrawn status Lost status Source of classification or shelving scheme Damaged status Not for loan Collection code Home library Current library Shelving location Date acquired Cost, normal purchase price Total Checkouts Full call number Barcode Date last seen Cost, replacement price Koha item type
    Dewey Decimal Classification     Non-fiction Sarojini Nagar Sarojini Nagar General Stacks 30/01/2012 40.00   001.422 SHA A-903517 30/01/2012 40.00 English Books

© Delhi Public Library
Hit Counter
free hit counter